Medzinárodné účtovné štandardy pre verejný sektor - základ harmonizácie účtovníctva subjektov verejného sektora dizertačná práca
Uložené v:
| Hlavný autor: | |
|---|---|
| Korporativný autor: | |
| Ďalší autori: | |
| Médium: | Kniha |
| Jazyk: | Slovak |
| Vydavateľské údaje: |
Bratislava
2010
|
| Predmet: | |
| Tagy: |
Žiadne tagy, Buďte prvý, kto otaguje tento záznam!
|
MARC
| LEADER | 00000nam$a2200000$$$4500 | ||
|---|---|---|---|
| 001 | 0116749 | ||
| 005 | 20240502072312.2 | ||
| 041 | 0 | |a slo | |
| 044 | |a SK | ||
| 245 | 1 | 0 | |a Medzinárodné účtovné štandardy pre verejný sektor - základ harmonizácie účtovníctva subjektov verejného sektora |b dizertačná práca |c Marianna Kršeková ; škol. Antónia Kovalčíková |
| 264 | 1 | |a Bratislava |c 2010 | |
| 300 | |a 206 s. | ||
| 610 | 2 | 0 | |a štandardy účtovné medzinárodné |
| 610 | 2 | 0 | |a sektor verejný |
| 610 | 2 | 0 | |a účtovníctvo |
| 100 | 1 | |a Kršeková, Marianna | |
| 700 | 1 | |a Kovalčíková, Antónia | |
| 710 | 2 | |a Ekonomická univerzita v Bratislave. Fakulta hospodárskej informatiky | |